The adventures of Amir Hamza : (Record no. 48321)
[ view plain ]
| 000 -LEADER | |
|---|---|
| fixed length control field | 02334cam a2200325 a 4500 |
| 005 - DATE AND TIME OF LATEST TRANSACTION | |
| control field | 20031230185550.0 |
| 008 - FIXED-LENGTH DATA ELEMENTS--GENERAL INFORMATION | |
| fixed length control field | 940308s1993 enkab b 001 0 eng |
| 010 ## - LCCN (DPL NO) | |
| LC control number | ENG-101699 |
| 020 ## - INTERNATIONAL STANDARD BOOK NUMBER | |
| Terms of availability | 750.00 |
| International Standard Book Number | 9788184000443 |
| 035 ## - SYSTEM CONTROL NUMBER | |
| System control number | EN-85232 |
| 037 ## - SOURCE OF ACQUISITION | |
| Source of stock number/acquisition | DBAD/PUB |
| 040 ## - CATALOGING SOURCE | |
| Original cataloging agency | dpl |
| Language of cataloging | Eng |
| 082 ## - DEWEY DECIMAL CLASSIFICATION NUMBER | |
| Classification number | 891.43934 |
| 100 1# - MAIN ENTRY--PERSONAL NAME | |
| 9 (RLIN) | 22405 |
| Personal name | G̲h̲ālib Lakhnavī. |
| 245 10 - TITLE STATEMENT | |
| Title | The adventures of Amir Hamza : |
| Statement of responsibility, etc | by Ghalib Lakhnavi [and] Abdullah Bilgrami ; translated, with an introduction and notes, by Musharraf Ali Farooqi. |
| Remainder of title | lord of the auspicious planetary conjunction / |
| 260 ## - PUBLICATION, DISTRIBUTION, ETC. (IMPRINT) | |
| Place of publication, distribution, etc | Noida |
| Name of publisher, distributor, etc | Random House India |
| Date of publication, distribution, etc | 2008 |
| 270 ## - ADDRESS | |
| Address | Mind Mill Corporate Tower, 2nd Floor, Plot No 24A Sector 16A, |
| City | Noida |
| Postal code | 201301 |
| 300 1# - PHYSICAL DESCRIPTION | |
| Extent | xxix,948p. |
| Dimensions | 23cm (pbk) |
| 500 ## - GENERAL NOTE | |
| General note | Epic literature |
| 500 ## - GENERAL NOTE | |
| General note | Includes bibliographical references. |
| 520 ## - SUMMARY, ETC. | |
| Summary, etc | This panoramic saga dates back perhaps as early as the seventh century, when oral narratives of the deeds of the prophet Muhammad’s uncle Amir Hamza spread through Arabia, Persia, and the Indian subcontinent, expanding into a chronicle of warriors, kings, tricksters, fairies, courtesans, and magical creatures. The definitive Urdu text appeared toward the end of the 19th century, but English translations have been censored and abridged--until now. Here, the adventures of Amir Hamza are captured with all the colorful action, ribaldry, and fantastic elements intact. Amir Hamza travels to exotic lands, defeats many enemies, loves many women, and converts hundreds of infidels to the True Faith of Islam before finding his way back to his first love, the Persian emperor’s daughter. Guided by a Merlin-like clairvoyant called Buzurjmehr and accompanied by his loyal friend, the ingenious trickster Amar Ayyar, Amir Hamza rides his winged steed Ashqar into combat against a marvelous array of opponents.--From publisher description. |
| 546 ## - LANGUAGE NOTE | |
| Language note | Translated from Urdu. |
| 650 #0 - SUBJECT ADDED ENTRY--TOPICAL TERM | |
| 9 (RLIN) | 22448 |
| 651 ## - SUBJECT ADDED ENTRY--GEOGRAPHIC NAME | |
| 9 (RLIN) | 22481 |
| 700 ## - ADDED ENTRY--PERSONAL NAME | |
| 9 (RLIN) | 22431 |
| Personal name | Bilgrāmī, ʻAbdullāh Ḥusain. |
| 700 ## - ADDED ENTRY--PERSONAL NAME | |
| Personal name | Farooqi, Musharraf |
| Dates associated with a name | 1968- |
| 9 (RLIN) | 24470 |
| 700 ## - ADDED ENTRY--PERSONAL NAME | |
| Personal name | Farooqi, Musharraf Ali |
| 9 (RLIN) | 23269 |
| 942 ## - ADDED ENTRY ELEMENTS (KOHA) | |
| Source of classification or shelving scheme | Dewey Decimal Classification |
| Item type | English Books |
| Call number suffix | GHA |
| Classification part | 891.43934 |
| Withdrawn status | Lost status | Source of classification or shelving scheme | Damaged status | Not for loan | Collection code | Home library | Current library | Date acquired | Source of acquisition | Cost, normal purchase price | Total Checkouts | Full call number | Barcode | Date last seen | Copy number | Cost, replacement price | Koha item type |
|---|---|---|---|---|---|---|---|---|---|---|---|---|---|---|---|---|---|
| Dewey Decimal Classification | Not For Loan | Non-fiction | D.B.Act.Division | D.B.Act.Division | 09/10/2010 | DBAD/PUB | 750.00 | 891.43934 GHA | EN-85232 | 09/10/2010 | 1 | 750.00 | English Books |
